000 01547nam a2200217Ia 4500
003 Ost
005 20260507074931.0
008 260507s9999||||xx |||||||||||||| ||und||
040 _cfsecg
041 _aara
082 _a332.17
100 _aآل شبيب، دريد كامل
_eمؤلف
245 0 _aإدارة العمليات المصرفية /
_c دريد كامل آل شبيب
260 _aعمان:
_bدار المسيرة للنشر,
_c2015
300 _a408 صفحة؛
_bإيضاحات ؛
_c25 سم
504 _aبيبليوغرافيا: ص.401-408
520 _aيتناول مقدمة في إدارة العمليات المصرفية،الهيكل التنظيمي والقوائم المالية للبنك،مصادر تمويل البنوك التجارية،إدارة الموجودات والمطلوبات المصرفية،إدارة المخاطر المصرفية والتعثر المصرفي،إدارة الإقراض في البنوك،إدارة قسم الخزينة،إدارة الحسابات الجارية،إدارة الودائع،الاعتمادات المستندية،الأوراق التجارية،إدارة الاستثمار في الأوراق المالية،الكفالات المصرفية(خطابات الضمان)،بوالص التحصيل،الحوالات والعملات الاجنبية،تسويق الخدمات المصرفية،البنوك الإلكترونية
653 _aالأردن
653 _aالبنوك-الحسابات المصرفية
942 _cكتاب
999 _c41851
_d41851